International symposium "Large igneous provinces of Asia, mantle plumes and metallogeny", Novosibirsk, Russia, 13-16 August 2007 (Запись № 3499440)

Подробности
000 -МАРКЕР
контрольное поле 01940nam0a2200349 4500
001 - ИДЕНТИФИКАТОР ЗАПИСИ
контрольное поле RU\NLR\b_ik\163697
005 - ИДЕНТИФИКАТОР ВЕРСИИ
контрольное поле 20260407171604.0
010 ## - МЕЖДУНАРОДНЫЙ СТАНДАРТНЫЙ НОМЕР КНИГИ (ISBN)
Номер (ISBN) 978-5-76920947-5
Тираж 150
035 ## - ДРУГИЕ СИСТЕМНЫЕ НОМЕРА
Идентификатор записи (NLR Aleph) 002236527
100 ## - ДАННЫЕ ОБЩЕЙ ОБРАБОТКИ
Данные общей обработки 20071120d2007 |||y0rusy50 ca
101 0# - ЯЗЫК РЕСУРСА
Язык текста, звукозаписи и т.д. английский
102 ## - СТРАНА ПУБЛИКАЦИИ ИЛИ ПРОИЗВОДСТВА
Страна публикации Российская Федерация
105 ## - ПОЛЕ КОДИРОВАННЫХ ДАННЫХ: ТЕКСТОВЫЕ МАТЕРИАЛЫ, МОНОГРАФИЧЕСКИЕ
Кодированные данные о монографическом текстовом документе a |||||||||
200 1# - ЗАГЛАВИЕ И СВЕДЕНИЯ ОБ ОТВЕТСТВЕННОСТИ
Основное заглавие International symposium "Large igneous provinces of Asia, mantle plumes and metallogeny", Novosibirsk, Russia, 13-16 August 2007
210 ## - ПУБЛИКАЦИЯ, РАСПРОСТРАНЕНИЕ И ДР.
Место издания, распространения и т.д. Novosibirsk
Имя издателя, распространителя и т. д. Publishing house of SB RAS
Дата издания, распространения и т.д. 2007
215 ## - ФИЗИЧЕСКАЯ ХАРАКТЕРИСТИКА
Специфическое обозначение материала и объем 224 c.
Другие сведения о физической характеристике ил.
Размеры 20
300 ## - ОБЩИЕ ПРИМЕЧАНИЯ
Текст примечания В вып. дан.: Крупные магматические провинции Азии, мантийные плюмы и металлогения, Новосибирск, Россия, 13-16 августа 2007
300 ## - ОБЩИЕ ПРИМЕЧАНИЯ
Текст примечания В надзаг.: Inst. of geology a. mineralogy, Siberian branch of Russ. acad. of sciences
320 ## - ПРИМЕЧАНИЯ О НАЛИЧИИ В ДОКУМЕНТЕ БИБЛИОГРАФИИ / УКАЗАТЕЛЯ
Текст примечания Библиогр. в конце докл.
517 0# - ДРУГИЕ ВАРИАНТЫ ЗАГЛАВИЯ
Вариант заглавия Крупные магматические провинции Азии, мантийные плюмы и металлогения, Новосибирск, Россия, 13-16 августа 2007
606 1# - НАИМЕНОВАНИЕ ТЕМЫ КАК ПРЕДМЕТ
Наименование темы Магматические комплексы
Формальный подзаголовок Съезды, совещания и т.п.
Географический подзаголовок Азия
Системный номер авторитетной/нормативной записи 2496319
Идентификатор авторитетной/нормативной записи RU\NLR\AUTH\661480845
606 1# - НАИМЕНОВАНИЕ ТЕМЫ КАК ПРЕДМЕТ
Наименование темы Металлогения
Формальный подзаголовок Съезды, совещания и т.п.
Географический подзаголовок Азия
Системный номер авторитетной/нормативной записи 1591307
Идентификатор авторитетной/нормативной записи RU\NLR\AUTH\66699485
606 1# - НАИМЕНОВАНИЕ ТЕМЫ КАК ПРЕДМЕТ
Наименование темы Плюмы
Формальный подзаголовок Съезды, совещания и т.п.
Географический подзаголовок Азия
Системный номер авторитетной/нормативной записи 2496322
Идентификатор авторитетной/нормативной записи RU\NLR\AUTH\661480846
686 1# - ИНДЕКСЫ ДРУГИХ КЛАССИФИКАЦИЙ
Индекс Д342-09(5)я431(0)
686 1# - ИНДЕКСЫ ДРУГИХ КЛАССИФИКАЦИЙ
Индекс Д451-09(5)я431(0)
686 1# - ИНДЕКСЫ ДРУГИХ КЛАССИФИКАЦИЙ
Индекс Д312.1(5)я431(0)
710 12 - НАИМЕНОВАНИЕ ОРГАНИЗАЦИИ - ПЕРВИЧНАЯ ОТВЕТСТВЕННОСТЬ
Код отношения Автор
Материалы, к которым относится поле eng
Начальный элемент ввода "Large igneous provinces of Asia, mantle plumes and metallogeny", international symposium
Дата проведения временной организации 2007
Место проведения временной организации Novosibirsk
Графика поля Латинская
Идентификатор авторитетной/нормативной записи RU\NLR\AUTH\8810107938
Системный номер авторитетной/нормативной записи 716061
801 #0 - ИСТОЧНИК ЗАПИСИ
Страна Российская Федерация
Организация NLR
Дата составления 20071120
Правила каталогизации RCR
942 ## - ДОПОЛНИТЕЛЬНЫЕ ЭЛЕМЕНТЫ ЗАПИСИ (АБИС)
Тип экземпляра АБИС Книга
980 ## - КОЛЛЕКЦИЯ
Название коллекции Национальная библиография
Экземпляры
Тип экземпляра Дата поступления Источник поступления Библиотека постоянного хранения Библиотека текущего хранения Место хранения Шифр хранения Штрих-код Статус экземпляра Публичное примечание
Книга 20.11.2007 Обязательный экземпляр РНБ (Московский) РНБ (Московский) Иностранный книжный фонд Ик 2007-3/759 1071481   ;